THE JOURNAL OF International and comparative law (Record no. 43941)

MARC details
003 - CONTROL NUMBER IDENTIFIER
control field 436112
005 - DATE AND TIME OF LATEST TRANSACTION
control field 20251023204911.0
008 - FIXED-LENGTH DATA ELEMENTS--GENERAL INFORMATION
fixed length control field 251023b |||||||| |||| 00| 0 eng d
022 ## - INTERNATIONAL STANDARD SERIAL NUMBER
International Standard Serial Number 11199261
040 ## - CATALOGING SOURCE
Transcribing agency Nile University of Nigeria, Abuja.
Description conventions rda
050 ## - LIBRARY OF CONGRESS CALL NUMBER
Classification number K 60 n5
082 ## - DEWEY DECIMAL CLASSIFICATION NUMBER
Classification number K 60 n5
245 ## - TITLE STATEMENT
Title THE JOURNAL OF International and comparative law
250 ## - EDITION STATEMENT
Edition statement vol.7
260 ## - PUBLICATION, DISTRIBUTION, ETC. (IMPRINT)
Place of publication, distribution, etc Ilorin
Name of publisher, distributor, etc Unilorin Press
Date of publication, distribution, etc 2013
264 ## - PUBLICATION, DISTRIBUTION, ETC. (IMPRINT)
Place of publication, distribution, etc Ilorin
Name of publisher, distributor, etc Unilorin Press
Date of publication, distribution, etc 2013
300 ## - PHYSICAL DESCRIPTION
Other physical details vii, 329pg., 25 cm
336 ## - CONTENT TYPE
Source rdacontent
338 ## - CARRIER TYPE
Source rdacarrier
942 ## - ADDED ENTRY ELEMENTS (KOHA)
Source of classification or shelving scheme Library of Congress Classification
Koha item type JOURNALS
Holdings
Withdrawn status Lost status Source of classification or shelving scheme Damaged status Not for loan Permanent Location Current Location Shelving location Date acquired Total Checkouts Date last seen Price effective from Koha item type
    Library of Congress Classification     Law Library Law Library Items on shelf 10/23/2025   10/23/2025 10/23/2025 JOURNALS